DC Superheroes - Statistics

General Stats
  • This quiz has been taken 95 times
    87 since last reset
  • The average score is 19 of 22
Answer Stats
Description Secret Identity Superhero % Correct
Kryptonian physiology gives him invulnerability, super-strength, flight, heat vision, and freezing breath Clark Kent Superman
100%
No actual super powers, billionaire obsessed with keeping Gotham safe Bruce Wayne Batman
99%
King of Atlantis, has the power to summon and speak to sea creatures and swim at incredible speeds, has an extremely powerful magical trident Arthur Curry Aquaman
97%
Top-notch football player who is severely wounded by a lab accident, fused with advanced technology that essentially turned him into a living supercomputer Victor Stone Cyborg
97%
Developed incredible archery skills after being stranded on an island for five years, protects Star(ling) City Oliver Queen Green Arrow
97%
A CSI for Central City Police Department, has the ability to move at supersonic speeds, phase through objects, and even journey through time Barry Allen The Flash
97%
Demigoddess daughter of Zeus, possesses super-strength, a Lasso of Truth, and invulnerable bracelets Diana Prince Wonder Woman
97%
A former Air Force pilot, is given an alien ring by a dying extraterrestrial that allows him to fly and create hard-light constructs Hal Jordan Green Lantern
96%
Last survivor of the planet Mars, has the ability to shape shift and read minds, also possesses telekinesis John Jones Martian Manhunter
93%
Originally known as Robin, now protects Bludhaven from criminal scum Dick Grayson Nightwing
93%
Has the ability to create supersonic screams, often affiliated romantically with the above hero Dinah "Laurel" Lance Black Canary
92%
Transforms into an indestructible superhuman with the powers of flight, super-strength, and lightning manipulation at the shout of a code word, is actually a child Billy Batson Shazam
90%
A brilliant scientist with the ability to shrink to atomic sizes Ray Palmer The Atom
90%
Warrior princess who sometimes hails from Thanagar and sometimes from Egypt, has wings and fights crime with a mace, spouse of the above Shiera Hall Hawkgirl
89%
Warrior prince who sometimes hails from Thanagar and sometimes from Egypt, has wings and fights crime with a mace, spouse of the below Carter Hall Hawkman
88%
A female member of the Justice League known for her top hat, is able to perform incredible feats of magic N/A Zatanna
79%
Fuses with Martin Stein to in order to create and control fire and absorb forms of energy Ronnie Raymond Firestorm
76%
A Lord of Order, wears the Helmet of Fate to protect the world from Chaos Kent Nelson Doctor Fate
74%
Has the ability to stretch his limbs to incredible lengths Ralph Dibny Elongated Man
65%
A cyborg created by T.O. Morrow with the ability to create massive cyclones John Smith Red Tornado
65%
Originally became a hero in order to make up for the death of Superman, an iron worker who created a metal suit that allows flight and super-strength, fights with a massive steel hammer John Henry Irons Steel
54%
Former American soldier, fused with alien metal, can control nuclear energy and molecular structures Nathaniel Adam Captain Atom
44%
No matching quizzes found
Score Distribution
Percent of People with Each Score
Percentile by Number Answered
Your Score History
You have not taken this quiz since the last reset